|
|
|
|
| LEADER |
01177nam a2200241 a 4500 |
| 001 |
00013271 |
| 008 |
120708s2001 bg a b 001 0 ben |
| 020 |
|
|
|a 9840801627
|
| 040 |
|
|
|a BD-DhAAL
|c BD-DhAAL
|
| 041 |
0 |
|
|a ben
|
| 082 |
0 |
0 |
|a 954.9/22
|2 21
|
| 999 |
|
|
|c 12534
|d 12534
|
| 999 |
|
|
|c 12534
|
| 100 |
1 |
|
|a আহমেদ, শরীফ উদ্দিন
|
| 245 |
1 |
0 |
|a ঢাকা :
|b ইতিহাস ও নগর জীবন ১৮৪০-১৯২১ /
|c শরীফ উদ্দিন আহমেদ
|
| 260 |
|
|
|a ঢাকা :
|b একাডেমিক প্রেস এন্ড পাবলিশার্স লিমিটেড,
|c ২০০১.
|
| 300 |
|
|
|a xvi, ৩৮৪ পৃ. :
|b চিত্র., ম্যাপ ;
|c ২২ সে.মি.
|
| 504 |
|
|
|a গ্রন্থপঞ্জি ও ইনডেক্স অন্তর্ভূক্ত
|
| 541 |
|
|
|e 00013271
|
| 651 |
|
0 |
|a Dhaka (Bangladesh)
|x History.
|
| 852 |
1 |
|
|a Ayesha Abed Library
|c General Shelf.
|
| 942 |
|
|
|2 ddc
|c BK
|
| 952 |
|
|
|0 0
|1 0
|2 ddc
|4 0
|6 954_922000000000000_AHM
|7 0
|9 20693
|a BRACUL
|b BRACUL
|c GEN
|d 2012-07-09
|g 470.00
|l 6
|m 26
|o 954.922 AHM
|p 3010013271
|r 2024-02-08
|s 2024-02-08
|t 1
|w 2012-07-09
|y BK
|